000 00436nam a22001817a 4500
003 koha_MIRAKIL
005 20231213095606.0
008 231213b |||||||| |||| 00| 0 ||| d
020 _b979-9-75362816-6
040 _aTR-IsEVY
_btur
_cTR-IsEVY
082 _a800 CAR/A
100 _aCARROL, LEWIS.
245 0 _aALICE HARİKALAR ÜLKESİNDE.
260 _bTimaş,
_c2008
300 _a63.
650 _aEdebiyat.
942 _2ddc
_cBK
999 _c6199
_d6199